Humenská insita 2011 mojimi očami

Bibliographic Details
Main Author: Mešša, Martin, 1949- (Author)
Format: Article
Language:Slovak
PhysicalDescription:Fotogr.
ISSN:1335-5457
Subjects:
Online Access:http://www.uluv.sk/sk/web/casopis-rud/archiv/rok-2011/rud-042011/humenska-insita-2011-mojimi-ocami/

MARC

LEADER 00000nab a2200000 a 4500
001 vtls010446752
003 SK-MaSNL
005 20260304154655.0
008 250507c2011 xo qr0p 000 a slo
035 |a (uuid)c649c113-9dbe-485f-bf77-c4b6b9066e3e 
035 |a urn:nbn:sk:snk-ab2ya6 
035 |a (urnnbn)urn:nbn:sk:snk:ar-a033mi 
038 |a BAULUV 
040 |a SNKBUCL  |b slo  |c SNKBUCL  |e AACR2 
041 0 |a slo  |b eng 
044 |a xo  |c SK 
072 7 |a 72/76  |x Výtvarné umenie  |2 konspekt 
080 |a 72/76.031.2"18/20"  |2 2001 
100 1 |a Mešša, Martin,  |d 1949-  |4 aut 
245 1 0 |a Humenská insita 2011 mojimi očami  |c Martin Mešša 
300 |b Fotogr. 
611 2 7 |a Insita  |g medzinárodný výtvarný plenér  |n (7. :  |d 2011 :  |c Humenné, Slovensko)  |2 snkbucl  |9 1479598 
650 0 7 |a insitné umenie  |2 SNKPH  |9 208408 
773 0 |t Remeslo, umenie, dizajn  |g Roč. 12, č. 4 (2011), s. 18-19  |x 1335-5457 
850 |a Slovenská národná knižnica 
852 |a Slovenská národná knižnica 
856 2 |u http://www.uluv.sk/sk/web/casopis-rud/archiv/rok-2011/rud-042011/humenska-insita-2011-mojimi-ocami/ 
958 |a article27 
958 |a OND 
958 |a SK 
958 |a RBX 
958 |a EUIPO 
999 |c 2958739  |d 2960669